Home Bible Study Course; vol. 2. (Record no. 1579)

000 -LEADER
fixed length control field 00588nam a2200181 a 4500
001 - CONTROL NUMBER
control field :::00017764$&:&@@
003 - CONTROL NUMBER IDENTIFIER
control field OkBaRHE
005 - DATE AND TIME OF LATEST TRANSACTION
control field 20100326170438.0
008 - FIXED-LENGTH DATA ELEMENTS--GENERAL INFORMATION
fixed length control field s1976 j 000 0 eng u
040 ## - CATALOGING SOURCE
Transcribing agency
100 1# - MAIN ENTRY--PERSONAL NAME
Personal name Corvin, R. O. (Raymond O.).
245 10 - TITLE STATEMENT
Title Home Bible Study Course; vol. 2.
260 ## - PUBLICATION, DISTRIBUTION, ETC. (IMPRINT)
Place of publication, distribution, etc Charlotte, NC., :
Name of publisher, distributor, etc PTL Television Network, Inc.
Date of publication, distribution, etc 1976
300 ## - PHYSICAL DESCRIPTION
Extent v. (1-5) ;
Dimensions 28 cm.
650 ## - SUBJECT ADDED ENTRY--TOPICAL TERM
Topical term or geographic name as entry element Bible
General subdivision Study
-- Outlines, Syllabi, etc.
942 ## - ADDED ENTRY ELEMENTS (KOHA)
Source of classification or shelving scheme
Koha item type Books
Copies
Lost status Withdrawn status Not for loan Shelving location Koha item type Barcode Date acquired Price effective from Source of classification or shelving scheme Full call number Damaged status Permanent Location Copy number Collection code Date last seen
   General StacksBooks177642010-04-142010-04-14 BS 591 .C58 RHEMA Bible Training College1Reference2018-03-28